000 00321nam a22001337a 4500
008 170816b xxu||||| |||| 00| 0 eng d
020 _a9780321709974
041 _aeng
080 _25 ED
_a311
100 _a36
101 _aSTA
245 _aELEMENTARY STATISTICS PICTURING THE WORLD
_cLARSON.R
942 _2udc
_cBK
999 _c23647
_d23647